| 000 | 00566nam a2200181 a 4500 | ||
|---|---|---|---|
| 005 | 20241210063749.0 | ||
| 008 | 030618s1959 mx r 000 0 spa d | ||
| 035 | _aUPN01000126070 | ||
| 049 | _aSEP | ||
| 050 | 4 |
_aLB1578 A3.35 _bO802 LE |
|
| 245 | 0 | 0 |
_aCartilla otomí 2 : _bcuaderno de trabajo / _cI. Luisa Mills de Wares ... [et al.]. |
| 260 |
_aMéxico : _bSEP, _c[1959?]. |
||
| 300 |
_a131 p. : _bprincipalmente il. |
||
| 500 | _aDatos tomados de la cubierta | ||
| 650 | 4 |
_aCartilla otomí _98149 |
|
| 700 | 1 |
_aMills de Wares, I. Luisa, _ecoaut. |
|
| 905 | _aLibro | ||
| 999 |
_c98249 _d98249 |
||